Top 10 Densest Chemical Elements - Statistics

General Stats
  • This quiz has been taken 28 times
  • The average score is 5 of 10
Answer Stats
Density Element % Correct
19.32 Gold
81%
22.6 Osmium
65%
21.45 Platinum
65%
19.35 Tungsten
62%
20.02 Uranium
62%
22.4 Iridium
58%
16.65 Tantalum
35%
18.95 Neptunium
27%
21.04 Rhenium
27%
19.84 Americium
15%
No matching quizzes found
Score Distribution
Percent of People with Each Score
Percentile by Number Answered
Your Score History
You have not taken this quiz